000 02044cam a22005414i 4500
001 u23261
003 PE-LiUPU
005 20250731173018.0
008 150623s1994 xxu rb 000 0 eng d
020 _a0310215323
035 _a(Sirsi) i9780310215325
040 _aPE-LiUPU
_bspa
_cPE-LiUPU
_erda
049 _aPRUA
082 0 4 _a248.842
_bB88
_221
100 1 _aBuford, Bob,
_eautor.
245 1 0 _aHalftime :
_bchanging your game plan from success to significance /
_cBob Buford.
264 1 _aGrand Rapids, Michigan :
_bZondervan Publishing House,
_c1994.
300 _a192 páginas :
_bilustraciones, gráficos ;
_c21 centímetros
336 _atext
_2rdacontent
337 _aunmediated
_2rdamedia
338 _avolume
_2rdacarrier
504 _aBibliografía : páginas 173-175.
505 0 _aThe first half. -Halftime. -The second half.
526 _aSEG42
526 _aSEG41
526 _aSEG40
526 _aSEG39
526 _aP94
526 _aP87
526 _aP86
526 _aP85
526 _aP77
526 _aP76
526 _aP35
596 _a1 2
650 0 4 _aAutorrealización
_xCristianismo.
650 0 4 _aPersonas de mediana edad
_xPsicología.
650 0 4 _aPersonas de mediana edad
_xVida religiosa.
910 _cigq
942 _2ddc
_cBOOK
994 _aC0
_bPEPRU
949 _a248.8 B88
_wDEWEY
_c1
_iFT01981
_lCCODEBUT1
_mBUT
_r0
_sY
_tBOOK
_u2015-11-5
_xBIBLIOTECA
_zAG
_0DONACION
_o.STAFF. Colección General
949 _a248.842 B88
_wDEWEY
_c1
_i47365
_f2018-2-8
_g2
_lCCODEBUL1
_mBUL
_r0
_sY
_tBOOK
_u2015-6-24
_xTEOLOGIA
_PP35
_0COMPRA
_o.STAFF. Colección General
999 _a248.842 B88
_wDEWEY
_c23919
_i47365
_f2021-11-12
_g5
_lCCODEBUL1
_mBUL
_r0
_sY
_tBOOK
_u2015-6-24
_xTEOLOGIA
_PP35
_0COMPRA
_o.STAFF. Colección General
_d23919
999 _a248.8 B88
_wDEWEY
_c1
_iFT01981
_f2019-2-20
_g1
_lCCODEBUT1
_mBUT
_r0
_sY
_tBOOK
_u2015-11-5
_xBIBLIOTECA
_zAG
_0DONACION
_o.STAFF. Colección General
980 _81
_gALBERTO SANCHEZ Responsable de Automatización